Metodología de análisis de costos de operación de vehiculos para Costa Rica

Salvato in:
Dettagli Bibliografici
Autore principale: González M, Javier
Altri autori: Hernández Carrillo, Alexandra
Natura: Libro
Lingua:Spanish
Pubblicazione: San José, C.R. : Dirección Sectorial de Energía 1990.
Soggetti:
Tags: Aggiungi Tag
Nessun Tag, puoi essere il primo ad aggiungerne!!

MARC

LEADER 00000nam a2200000Ia 4500
003 000599
005 20221231143934.0
008 140114s1990 cr a 000 ||spa d
040 |c cru CEDI 
082 |a  388.342 G643m 
100 |a González M, Javier  |9 18664 
245 |a Metodología de análisis de costos de operación de vehiculos para Costa Rica  
260 |a  San José, C.R. : Dirección Sectorial de Energía  |c 1990. 
300 |a  49 hojas, [26] hojas : ilustraciones 
500 |a  Modulo I "Consumo de combustible" URET no. 1 
650 |x VEHICULOS DE MOTOR   |x COSTOS DE OPERACION   |x AUTOMOVILES   |x CONSUMO DE COMBUSTIBLE  |9 20529 
700 |9 15436  |a Hernández Carrillo, Alexandra 
942 |2 ddc 
999 |c 14518  |d 14518